The use of epidemiology for screening and early detection of cancer: Examples from Austria

Bibliographic Details
Main Authors: Ulsperger, E. (Author), Hofbauer, F. (Author)
Format: Article
Language:English

MARC

LEADER 00000nab a2200000ua 4500
001 vtls010831006
003 SK-MaSNL
005 20260303144534.0
008 230222s1992 xo |||||||||||||||||eng|
035 |a (urnnbn)urn:nbn:sk:snk:ar-a06hvj 
035 |a urn:nbn:sk:snk-ab5vzx 
035 |a (uuid)1a5b7377-15e7-4c45-a2ba-88d7dc9f83cd 
040 |a SNKBUCL  |b slo  |c SNKBUCL  |e AACR2 
041 0 |a eng 
044 |a xo  |c SK 
100 1 |a Ulsperger, E.  |4 aut  |9 1166207 
245 1 4 |a The use of epidemiology for screening and early detection of cancer: Examples from Austria  |c E. Ulsperger, F. Hofbauer 
700 1 |a Hofbauer, F.  |4 aut  |9 1162096 
773 0 |t Neoplasma : journal of experimental and clinical oncology  |g Roč. 39, č. 3 (1992), s. 185-188 
958 |a OND 
958 |a EUIPO 
958 |a article5 
999 |c 1997762  |d 1999692